[Event "South African op"]
[Site "Durban"]
[Date "2017.07.16"]
[Round "4"]
[White "Masiya, Mfundo"]
[Black "Jansen, Lyle John"]
[Result "1-0"]
[WhiteElo "1806"]
[BlackElo "1508"]
[PlyCount "39"]
[EventDate "2017.07.14"]
[EventType "swiss"]
[EventRounds "11"]
[EventCountry "RSA"]
[SourceTitle "EXT 2018"]
[Source "ChessBase"]
[SourceDate "2017.10.13"]
[SourceVersion "1"]
[SourceVersionDate "2017.10.13"]
[SourceQuality "1"]

1. e4 e5 2. Nf3 Nc6 3. d4 exd4 4. Bc4 Nf6 5. e5 d5 6. Bb5 Ne4 7. Nxd4 Bd7 8. Bxc6 bxc6 9. 0-0 Bc5 10. f3 Ng5 11. f4 Ne4 12. Be3 Bb6 13. Nc3 Nxc3 14. bxc3 c5 15. Nb3 c4 16. Nd4 0-0 17. Qh5 Qe7 18. Rf3 f6 19. exf6 Rxf6 20. Qxd5+ 1-0

[Event "RSA-ch U20"]
[Site "Bloemfontein"]
[Date "2016.03.26"]
[Round "11"]
[White "Govindasamy, Nashlen"]
[Black "Jansen, Lyle John"]
[Result "1-0"]
[WhiteElo "2033"]
[BlackElo "1269"]
[PlyCount "65"]
[EventDate "2016.03.20"]
[EventType "swiss"]
[EventRounds "11"]
[EventCountry "RSA"]
[SourceTitle "CBM 171 Extra"]
[Source "ChessBase"]
[SourceDate "2016.04.26"]
[SourceVersion "1"]
[SourceVersionDate "2016.04.26"]
[SourceQuality "1"]

1. Nf3 f5 2. g3 Nf6 3. Bg2 e6 4. 0-0 d5 5. d3 Bd6 6. Nbd2 c6 7. e4 Nbd7 8. exf5 exf5 9. Re1+ Be7 10. Qe2 Nf8 11. Ne5 Ne6 12. Ndf3 0-0 13. c3 Bd6 14. Nd4 Nxd4 15. cxd4 Re8 16. f4 Bb4 17. Rd1 Re7 18. h3 Bd7 19. Be3 Qc7 20. Rac1 Rae8 21. Qf2 Be6 22. Rc2 Bf7 23. a3 Bd6 24. b4 a6 25. Ra1 Rc8 26. a4 Be8 27. Qd2 Nd7 28. Bxd5+ Kh8 29. Bf3 Qd8 30. Rac1 Nf6 31. b5 axb5 32. axb5 Rec7 33. bxc6 1-0

[Event "RSA-ch U20"]
[Site "Bloemfontein"]
[Date "2016.03.24"]
[Round "8"]
[White "Jansen, Lyle John"]
[Black "Bezuidenhout, Roland Reinhold"]
[Result "0-1"]
[WhiteElo "1269"]
[BlackElo "2094"]
[PlyCount "60"]
[EventDate "2016.03.20"]
[EventType "swiss"]
[EventRounds "11"]
[EventCountry "RSA"]
[SourceTitle "CBM 171 Extra"]
[Source "ChessBase"]
[SourceDate "2016.04.26"]
[SourceVersion "1"]
[SourceVersionDate "2016.04.26"]
[SourceQuality "1"]

1. d4 Nf6 2. e3 g6 3. f4 Bg7 4. Nf3 d6 5. Bd3 0-0 6. 0-0 Bf5 7. Bxf5 gxf5 8. Nbd2 Nbd7 9. c3 e6 10. Qc2 a5 11. a3 b5 12. a4 b4 13. Rb1 c5 14. Nc4 Qc7 15. Nfd2 Ng4 16. Rf3 d5 17. Ne5 Ngxe5 18. fxe5 f6 19. exf6 Rxf6 20. cxb4 axb4 21. b3 Rh6 22. Rg3 Rc8 23. dxc5 Rg6 24. Rxg6 hxg6 25. Nf3 Bc3 26. Nd4 Nxc5 27. Nb5 Qe5 28. Nxc3 Qxc3 29. Qxc3 bxc3 30. Kf1 c2 0-1

[Event "RSA-ch U20"]
[Site "Bloemfontein"]
[Date "2016.03.20"]
[Round "1"]
[White "Jansen, Lyle John"]
[Black "Jacobs, Cavan"]
[Result "0-1"]
[WhiteElo "1269"]
[BlackElo "1664"]
[PlyCount "72"]
[EventDate "2016.03.20"]
[EventType "swiss"]
[EventRounds "11"]
[EventCountry "RSA"]
[SourceTitle "CBM 171 Extra"]
[Source "ChessBase"]
[SourceDate "2016.04.26"]
[SourceVersion "1"]
[SourceVersionDate "2016.04.26"]
[SourceQuality "1"]

1. Nf3 Nf6 2. g3 g6 3. Bg2 Bg7 4. c4 0-0 5. 0-0 c5 6. Nc3 Nc6 7. d3 d5 8. cxd5 Nxd5 9. Bd2 Nf6 10. Qc1 Nd4 11. Bh6 Qa5 12. Bxg7 Kxg7 13. Nxd4 cxd4 14. Ne4 Nxe4 15. Bxe4 Bh3 16. Bxb7 Rab8 17. Bg2 Rfc8 18. Qe1 Qxe1 19. Rfxe1 Bxg2 20. Kxg2 Rxb2 21. Kf3 Rcc2 22. a3 Kf6 23. a4 Ra2 24. a5 Rxe2 25. Rxe2 Rxa1 26. Ke4 e5 27. f4 Rxa5 28. Rf2 exf4 29. Rxf4+ Ke6 30. Kxd4 Ra4+ 31. Kc5 Rxf4 32. gxf4 a5 33. d4 a4 34. d5+ Kd7 35. Kb4 Kd6 36. Kxa4 Kxd5 0-1